书目信息 |
| 题名: |
线性代数
|
|
| 作者: | 陈维新 编著 | |
| 分册: | ||
| 出版信息: | 北京 科学出版社 2000.02 |
|
| 页数: | 456页 | |
| 开本: | 32开 | |
| 丛书名: | ||
| 单 册: | ||
| 中图分类: | O151.2 | |
| 科图分类: | ||
| 主题词: | 代数 , 数论 , 组合数学 | |
| 电子资源: | ||
| ISBN: | 7-03-008011-4 | |
| 000 | 00574nam0 2200217 45 | |
| 001 | 0010111036 | |
| 005 | 20001011103102.8 | |
| 010 | @a7-03-008011-4@d23.00元 | |
| 100 | @a20001011d2000 km y0chiy0120 ea | |
| 101 | 0 | @achi |
| 105 | @a z 000yy | |
| 200 | 1 | @a线性代数@AXian Xing Dai Shu@f陈维新编著@FChen Wei Xin Bian Zhu |
| 210 | @a北京@c科学出版社@d2000.02 | |
| 215 | @a456页@d32开 | |
| 606 | 0 | @a代数 |
| 606 | 0 | @a数论 |
| 606 | 0 | @a组合数学 |
| 690 | @aO151.2@v3 | |
| 701 | 0 | @a陈维新@4编著 |
| 801 | @aCN@bPftUser@c20001011 | |
| 905 | @b175076-077@dO151.2@eCH901@f2 | |
| 线性代数/陈维新编著.-北京:科学出版社,2000.02 |
| 456页;32开 |
| ISBN 7-03-008011-4:23.00元 |
| ● |
| 相关链接 |
|
|
|
正题名:线性代数
索取号:O151.2/CH901
 
预约/预借
| 序号 | 登录号 | 条形码 | 馆藏地/架位号 | 状态 | 备注 |
| 1 | 175076 | 201750765 | 自科二线504/504自科库 44排5列1层/ [索取号:O151.2/CH901] | 在馆 | |
| 2 | 175077 | 201750774 | 自科库401/ [索取号:O151.2/CH901] | 在馆 |